Logo BPK

Biblioteka

Politechniki Koszalińskiej

Zastosowanie termodynamiki w metaloznawstwie / (Rekord nr 26697)

Szczegóły MARC
000 -ETYKIETA REKORDU
podpole kontrolne o stałej długości 00333nam a2200133 i 4500
001 - NUMER KONTROLNY REKORDU
pole kontrolne bg
040 ## - ŹRÓDŁO KATALOGOWANIA
Instytucja, która utworzyła rekord BPK
041 ## - KOD JĘZYKA
Kod języka tekstu pol
008 - POLE O STAŁEJ DŁUGOŚCI - DANE KONTROLNE
podpole kontrolne o stałej długości s pl f |000 0 pol
100 1# - NAZWA OSOBOWA
Nazwa osobowa TYRKIEL, Eugeniusz
245 #0 - TYTUŁ/ODPOWIEDZIALNOŚĆ
Tytuł Zastosowanie termodynamiki w metaloznawstwie /
Pozostałe elementy strefy tytułu i oznaczenia odpowiedzialności Eugeniusz Tyrkiel.
260 ## - STREFA ADRESU WYDAWNICZEGO
Miejsce wydania Katowice,
Data publikacji, dystrybucji/powstania dokumentu 1971.
856 ## - LOKALIZACJA I DOSTĘP DO ELEKTRONICZNYCH DOKUMENTÓW ZDALNYCH
Link (URL) http://koha.tu.koszalin.pl/cgi-bin/koha/opac-detail.pl?biblionumber=26697
Tekst linku Katalog online BPK
942 ## - DODATKOWE ELEMENTY (KOHA)
Typ dokumentu Książka
Egzemplarze
Wycofany Status egzemplarza Uszkodzony Dostępność Lokalizacja stała Lokalizacja bieżąca Miejsce przechowywania Sygnatura Kod kreskowy Typ dokumentu
      Dostępny Biblioteka Politechniki Koszalińskiej Biblioteka Politechniki Koszalińskiej Wypożyczalnia BG 18251 01718102 Książka
  Egz. niedostępny   Niedostępny Biblioteka Politechniki Koszalińskiej Biblioteka Politechniki Koszalińskiej Magazyn Rezerw     Książka
© 2023 Biblioteka Politechniki Koszalińskiej :: KOHA